Juan Chorlito y el indio invisible / (Registro nro. 12161)

Detalles MARC
000 -LIDER
fixed length control field 01191nam a22003857a 4500
001 - NÚMERO DE CONTROL
Identificador de número de control 000765
003 - IDENTIFICACDOR DE NÚMERO DE CONTROL
control field DO-SdBNP
005 - DATE AND TIME OF LATEST TRANSACTION
control field 20180212152532.0
007 - CAMPOS FIJOS DE DESCRIPCIÓN FÍSICA
fixed length control field 000765
008 - ELEMENTOS DE LONGITUD FIJA
fixed length control field 161129b 1990 sp a ||||| |||| 00| 0 spa d
016 7# - NO. DE CONTROL DE LA AGENCIA BIB. NACIONAL
Record control number
017 ## - NÚMERO DE REGISTRO DE DERECHOS DE AUTOR
Copyright or legal deposit number
Assigning agency
020 ## - ISBN
International Standard Book Number 8434816210
035 ## - NÚMERO LOCAL
System control number
040 ## - FUENTE DE CATALOGACIÓN
Agencia que crea de manera original el registro BPMSU
Idioma de catalogación spa
Agencia que realiza la transcripción BPMSU
Convenciones de la despripción
041 1# - CÓDIGOS DE OBRAS TRADUCIDAS O EN VARIOS IDIOMAS
Código del idioma del texto/archivo de sonido o separata spa
Cód. del idioma original y/o traducciones intermedias del texto eng
080 ## - NÚMERO DE CLASIFICACIÓN DECIMAL UNIVERSAL
Universal Decimal Classification number
082 ## - NÚMERO DE CLASIFICACIÓN DECIMAL DE DEWEY
Classification number xxxx
Item number xxxx
100 1# - ASIENTO PRINCIPAL -- NOMBRE PERSONAL
Nombre personal Janosch
240 12 - TITULO UNIFORME
Título uniforme Hannes Strohkopp und der unsichtbare Indianer.
Idioma de una obra Español
245 13 - MENCIÓN DE TITULO
Título Juan Chorlito y el indio invisible /
Mención de responsabilidad Janosch ; traducción del alemán, Marinella Terzi ; ilustraciones, Janosch.
Medio (Designación general de material)
250 ## - MENCIÓN DE EDICION
Mención de edición 9ª ed.
260 ## - PUBLICACIÓN, DISTRIBUCIÓN, ETC. (PIE DE IMPRENTA)
Lugar de publicación, distribución, etc Madrid:
Nombre del editor, distribuidor, etc. SM,
Fecha de publicación, distribución, etc 1990.
300 ## - DESCRIPCIÓN FÍSICA
Extensión 89 p. :
Otros detalles físicos il. ;
Dimensiones 19 cm.
490 1# - MENCIÓN DE SERIES
Mención de serie El barco de vapor. Serie azul
Volume/sequential designation 18
490 1# - MENCIÓN DE SERIES
Mención de serie El barco de vapor
Volume/sequential designation 84
500 ## - NOTA GENERAL
Nota general Para niños a partir de 7 años
500 ## - NOTA GENERAL
Nota general Traducción de: Strohkopp und der unsichtbare Indianer
700 12 - ASIENTO SECUNDARIO -- NOMBRE PERSONAL
Nombre personal Terzi, Marinella,
Mención de responsabilidad tr.
Forma completa del nombre
830 #0 - ASIENTO SECUNDARIO DE SERIE--TÍTULO UNIFORME
Título uniforme El barco de vapor. Serie azul ;
Volume number/sequential designation 18
830 #0 - ASIENTO SECUNDARIO DE SERIE--TÍTULO UNIFORME
Título uniforme El barco de vapor ;
Volume number/sequential designation 84
942 ## - ADDED ENTRY ELEMENTS (KOHA)
Source of classification or shelving scheme Dewey Decimal Classification
Koha item type Libros
945 ## - INFORMACIÓN DE PROCESAMIENTO LOCAL
Información de procesamiento local Inventariado, 2018 / BT
956 ## - LOCAL ELECTRONIC LOCATION AND ACCESS (OCLC)
Nombre de host VMATEO
Método de acceso 10
Materiales especificados 20161129
Enlace BPMSU
Campo enlazado y núm. de secuencia 00041
Existencias
Withdrawn status Lost status Source of classification or shelving scheme Damaged status Not for loan Collection code Home library Current library Date acquired Source of acquisition Total Checkouts Full call number Barcode Date last seen Price effective from Koha item type
    Dewey Decimal Classification     Colección Infantil General Biblioteca Pública Metropolitana Salomé Ureña Biblioteca Pública Metropolitana Salomé Ureña 11/29/2016 FUNDI   xxxx xxxx BPMSU16111646 11/29/2016 11/29/2016 Libros